| 000 | 00505nam a22001817a 4500 | ||
|---|---|---|---|
| 005 | 20260116094521.0 | ||
| 008 | 260116b |||||||| |||| 00| 0 eng d | ||
| 020 | _a978-93-5424-461-2 | ||
| 100 | _aBARTLE, ROBERT G. | ||
| 245 |
_aINTRODUCTION TO REAL ANALYSIS _bAN INDIAN ADAPTATION |
||
| 250 | _a4TH ED. | ||
| 260 |
_aNEW DELHI _bWILEY INDIA _c2021 |
||
| 300 | _aXV, 361P. | ||
| 500 | _aINCLUDES INDEX | ||
| 650 | _aFUNCTIONS OF REAL VARIABLES | ||
| 700 | _aSHERBERT, DONALD R. | ||
| 942 |
_2lcc _cBK |
||
| 999 |
_c216461 _d216461 |
||